000 00424nam a2200181Ia 4500
003 OSt
005 20220713141630.0
008 210210b1958 xxu||||| |||| 00| 0 eng d
040 _cAL
041 _aeng
082 _a822/227
100 _aCAIRNCROSS (A S)
_948660
245 _aEight essayists
260 _aLondon
_bMacmillan & Co. Ltd.
_c1958
690 _aEnglish Prose
_948661
906 _a012414
942 _2ddc
_cBK
999 _c131210
_d131210